Advanced microprocessors and peripherals : (Record no. 133090)

MARC details
000 -LEADER
fixed length control field 00807nam a22002417a 4500
005 - DATE AND TIME OF LATEST TRANSACTION
control field 20170124110204.0
010 ## - LIBRARY OF CONGRESS CONTROL NUMBER
LC control number B-045911
020 ## - INTERNATIONAL STANDARD BOOK NUMBER
Terms of availability 00.00
International Standard Book Number 0074638416
035 ## - SYSTEM CONTROL NUMBER
System control number B-045911
037 ## - SOURCE OF ACQUISITION
Source of stock number/acquisition Cen Lib/Ret
040 ## - CATALOGING SOURCE
Original cataloging agency DPL
Language of cataloging EN
082 ## - DEWEY DECIMAL CLASSIFICATION NUMBER
Classification number 004.7
Item number RAY
100 ## - MAIN ENTRY--PERSONAL NAME
Personal name Ray, Ajoy Kumar
9 (RLIN) 36780
245 ## - TITLE STATEMENT
Title Advanced microprocessors and peripherals :
Statement of responsibility, etc by Ajoy Kumar Ray [and] Kishor M. Bhurchandi
Remainder of title architecture, programming and interfacing /
260 ## - PUBLICATION, DISTRIBUTION, ETC. (IMPRINT)
Place of publication, distribution, etc New Delhi
Name of publisher, distributor, etc Tata McGraw-Hill
Date of publication, distribution, etc 2000
270 ## - ADDRESS
Address 7 West Patel Nagar
City New Delhi
Postal code 110008
300 ## - PHYSICAL DESCRIPTION
Extent xvi,666p. :
Dimensions 24cm (Hb)
Other physical details 1ll.
500 ## - GENERAL NOTE
General note Includes index<br/><br/><br/>
650 ## - SUBJECT ADDED ENTRY--TOPICAL TERM
Topical term or geographic name as entry element Microprocessors
9 (RLIN) 36781
650 ## - SUBJECT ADDED ENTRY--TOPICAL TERM
Topical term or geographic name as entry element Computer architecture
9 (RLIN) 21262
700 ## - ADDED ENTRY--PERSONAL NAME
Personal name Bhurchandi, Kishor M.
9 (RLIN) 36782
942 ## - ADDED ENTRY ELEMENTS (KOHA)
Source of classification or shelving scheme Dewey Decimal Classification
Koha item type English Books
Classification part 004.7
Call number suffix RAY
Holdings
Withdrawn status Lost status Damaged status Not for loan Home library Current library Date acquired Source of acquisition Cost, normal purchase price Total Checkouts Total Renewals Full call number Barcode Date last seen Date checked out Copy number Cost, replacement price Price effective from Koha item type Source of classification or shelving scheme Collection code Shelving location
        Central Library Central Library 24/07/2015 C 0.00 2 1 004.7 RAY B-045911 22/03/2021 03/03/2021 1 0.00 15/09/2016 English Books      
      Ordered Sarojini Nagar Sarojini Nagar 27/01/2017         004.7 RAY B-45913 27/01/2017   1   27/01/2017 English Books Dewey Decimal Classification Non-fiction On Display

© Delhi Public Library
Hit Counter
free hit counter